000 00408cam a2200169ua 4500
020 _c15.00
041 _aeng
_h
082 _a821
_bBON/AN
100 _aBone, Gavin .
245 _aAnglo saxon poetry /
_cGavin Bone.
_hTextual Documents
260 _aLondon :
_bOxford at the Clarendon Press ,
_c1944.
300 _a79 ; .
365 _a15.00
504 _a
942 _cBK
999 _c4991
_d4991